000 00541nam a2200205 a 4500
001 BRCA_4301
005 20190320204623.0
008 240610s1961----nyu#######---#000-0#eng-#
041 _aeng
044 _anyu
050 4 _aPZ3
_b.G37 1961
100 1 _aGardner, Erle Stanley
_d1889-1970
_910568
245 1 0 _aThe Case of the Green-eyed Sister
_cErle Stanley Gardner.
260 _aNueva York
_bPocket Books
_c1961
300 _a200 p.
_c18 cm.
500 _aCEF96
650 1 4 _aNovelas policĂ­acas
_9877
902 _aGFM
942 _2lcc
_cB
999 _c4012
_d4012